000 00377nam a2200169Ia 4500
008 210210b1954 xxu||||| |||| 00| 0 eng d
041 _aeng
082 _a825/11
100 _aALLEN (W)
245 _aJoyce Cary
260 _aLondon
_bLongmans Green & Co
_c1954
650 _aJoyee
650 _aJoyce
650 _acary
690 _aEnglish Criticism
906 _a014329
999 _c133488
_d133488